000 00529nam a2200181Ia 4500
005 20250508162446.0
008 008 250505s9999 xx 000 0 eng d
020 _a92-3-101951-1
037 _aTextual
040 _aFEDL
_beng
_cFEDL
041 _aeng
_2eng
084 _a297, UNI
_qFEDL
245 0 _aIslam, philosophy and science
260 _aParis, France
_bUnited Nations Educational, Scientific And Cultural Organization
_c1981
300 _a168p
942 _cTEXL
_h297, UNI
999 _c1376675
_d1376675